000 00643nam a2200253Ia 4500
003 OSt
005 20220912151450.0
006 a|||||r|||| 00| 0
007 ta
008 220909b |||||||| |||| 00| 0 eng d
024 _a21417
037 _cTextual
040 _aCSL
_beng
_cCSL
041 _aeng
082 _aY7jN22, M8
100 _aChakrabarti S B Ed.
245 0 _aSocial science and social concern
260 _aDelhi
_bMittal Pub
_c1988
300 _a590p.
_ccm.
650 _a Ethnology
650 _aAnthropology
942 _hY7jN22, M8
_cTEXL
_2CC
999 _c69161
_d69161